Control systems engineering / (Record no. 513)

MARC details
000 -LEADER
fixed length control field 00604nam a22002177a 4500
005 - DATE AND TIME OF LATEST TRANSACTION
control field 20250420134813.0
008 - FIXED-LENGTH DATA ELEMENTS--GENERAL INFORMATION
fixed length control field 200728b ||||| |||| 00| 0 eng d
020 ## - INTERNATIONAL STANDARD BOOK NUMBER
International Standard Book Number 9780470646120
040 ## - CATALOGING SOURCE
Transcribing agency KCST
082 ## - DEWEY DECIMAL CLASSIFICATION NUMBER
Classification number 629.8
Item number Ni Co
100 ## - MAIN ENTRY--PERSONAL NAME
Personal name Nise, Norman S.
9 (RLIN) 4773
245 ## - TITLE STATEMENT
Title Control systems engineering /
Statement of responsibility, etc. Norman S Nise
250 ## - EDITION STATEMENT
Edition statement 6th edition
Remainder of edition statement Int. student version
260 ## - PUBLICATION, DISTRIBUTION, ETC.
Place of publication, distribution, etc. Hoboken, NJ :
Name of publisher, distributor, etc. John Wiley & Sons, Inc.,
Date of publication, distribution, etc. 2011.
300 ## - PHYSICAL DESCRIPTION
Extent 926 p.
650 ## - SUBJECT ADDED ENTRY--TOPICAL TERM
Topical term or geographic name entry element Automatic control.
9 (RLIN) 979
650 ## - SUBJECT ADDED ENTRY--TOPICAL TERM
Topical term or geographic name entry element Systems engineering.
9 (RLIN) 912
650 ## - SUBJECT ADDED ENTRY--TOPICAL TERM
Topical term or geographic name entry element Technology.
9 (RLIN) 4774
942 ## - ADDED ENTRY ELEMENTS (KOHA)
Koha item type Book
942 ## - ADDED ENTRY ELEMENTS (KOHA)
Source of classification or shelving scheme Dewey Decimal Classification
Holdings
Withdrawn status Lost status Source of classification or shelving scheme Damaged status Not for loan Home library Current library Date acquired Cost, normal purchase price Total checkouts Full call number Barcode Date last seen Price effective from Koha item type
    Dewey Decimal Classification     KCST Library KCST Library 28/07/2020 84.05   629.8 Ni Co 1000000325 28/07/2020 28/07/2020 Course Textbook
© 2025 KCST. All rights reserved